| 000 | 01860nam0a22003011 4500 | ||
|---|---|---|---|
| 001 | RU\NLR\BIBL_A\022038190 | ||
| 005 | 20260407232930.0 | ||
| 035 | _a(NLR Aleph) 022038190 | ||
| 090 |
_a12561026 _c12561026 |
||
| 100 | _a20080925d1900 |||y0rusy50 ca | ||
| 101 | 0 |
_arus _ager _afre _aeng |
|
| 102 | _aRU | ||
| 105 | _ay ab 000zy | ||
| 181 | 0 |
_ai _baxxe |
|
| 182 | 0 | _an | |
| 200 | 1 | _aКаталог важнейшим сочинениям по всем отраслям техники на русском, немецком, французском и английском языках, имеющихся в продаже в книжном магазине К. Л. Риккера в С.-Петербурге | |
| 203 |
_aТекст _bвизуальный _cнепосредственный |
||
| 205 |
_aИзд. 12-е _b2-е изд. кат. 1896-го г. |
||
| 210 |
_aСанкт-Петербург _cпар. типо-литогр. И. Г. Гершуна _d1900 |
||
| 215 |
_a290 с. _d16,5 |
||
| 316 |
_aЭкз. РНБ приплетён к каталогу 1896 г. 11-е изд. _5NLR |
||
| 422 | 0 |
_1001v19\rc\2018273 _97372853 _aРиккер, (Петербург) _cСанкт-Петербург _d1896 _e11-е изд. _nпар. типо-литогр. И. Г. Гершуна _p294, [58] с. _tКаталог важнейшим сочинениям по всем отраслям техники на русском, немецком, французском и английском языках, имеющихся в продаже в книжном магазине К. Л. Риккера в С.-Петербурге |
|
| 710 | 0 | 0 |
_aРиккер, _gК. Л., _hкнижный магазин _cПетербург _3RU\NLR\AUTH\8810159010 _9813521 |
| 852 |
_aNLR _jС301-670/Р-50 |
||
| 942 | _cBOOK | ||
| 980 | _aNB | ||